[Event "Dubai The Arbor blitz op"]
[Site "Dubai"]
[Date "2019.04.12"]
[Round "6"]
[White "Alnajjab, Muhannad"]
[Black "Johary, Rishabh"]
[Result "0-1"]
[WhiteElo "1269"]
[BlackElo "1496"]
[PlyCount "48"]
[EventDate "2019.04.12"]
[EventType "swiss (blitz)"]
[EventRounds "9"]
[EventCountry "UAE"]
[SourceTitle "CBM 189 Extra"]
[Source "ChessBase"]
[SourceDate "2019.06.03"]
[SourceVersion "1"]
[SourceVersionDate "2019.06.03"]
[SourceQuality "1"]

1. e4 c5 2. Nc3 d6 3. f4 a6 4. Nf3 Nf6 5. Bc4 Nc6 6. 0-0 Bg4 7. Qe1 Bxf3 8. Rxf3 Nd4 9. Rh3 Nxc2 10. Qg3 Nxa1 11. b3 Nc2 12. e5 dxe5 13. fxe5 Qd4+ 14. Kh1 Qg4 15. Qd3 Nd4 16. exf6 exf6 17. Re3+ Be7 18. Rg3 Qf5 19. Qe3 0-0 20. b4 Bd6 21. Rh3 Bf4 22. Qe1 Rae8 23. Qd1 Qe5 24. Kg1 cxb4 0-1

[Event "Dubai The Arbor blitz op"]
[Site "Dubai"]
[Date "2019.04.12"]
[Round "4"]
[White "Lagutin, Nelman"]
[Black "Johary, Rishabh"]
[Result "1-0"]
[WhiteElo "2009"]
[BlackElo "1496"]
[PlyCount "71"]
[EventDate "2019.04.12"]
[EventType "swiss (blitz)"]
[EventRounds "9"]
[EventCountry "UAE"]
[SourceTitle "CBM 189 Extra"]
[Source "ChessBase"]
[SourceDate "2019.06.03"]
[SourceVersion "1"]
[SourceVersionDate "2019.06.03"]
[SourceQuality "1"]

1. Nf3 d5 2. b3 c5 3. Bb2 Nc6 4. g3 Nf6 5. Bg2 e6 6. 0-0 Bd6 7. d3 0-0 8. Nbd2 b6 9. Re1 e5 10. c4 d4 11. Nxe5 Nxe5 12. Bh1 Nfg4 13. Nf3 h6 14. Nxe5 Bxe5 15. Bc1 Qf6 16. Bf3 h5 17. Rb1 h4 18. e4 dxe3 19. Bxe3 Nxe3 20. Rxe3 Bd4 21. Re4 hxg3 22. hxg3 Qg5 23. Rxd4 cxd4 24. Qc1 Qf5 25. Be4 Qh5 26. Qf4 f5 27. Bd5+ Kh7 28. Qxd4 f4 29. Re1 fxg3 30. fxg3 Qg5 31. Qh4+ Qxh4 32. gxh4 Rf4 33. h5 Re4 34. dxe4 a6 35. e5 a5 36. a4 1-0

[Event "Dubai The Arbor blitz op"]
[Site "Dubai"]
[Date "2019.04.12"]
[Round "7"]
[White "Luwemba, Charles"]
[Black "Johary, Rishabh"]
[Result "1-0"]
[WhiteElo "1814"]
[BlackElo "1496"]
[PlyCount "90"]
[EventDate "2019.04.12"]
[EventType "swiss (blitz)"]
[EventRounds "9"]
[EventCountry "UAE"]
[SourceTitle "CBM 189 Extra"]
[Source "ChessBase"]
[SourceDate "2019.06.03"]
[SourceVersion "1"]
[SourceVersionDate "2019.06.03"]
[SourceQuality "1"]

1. d4 Nf6 2. c4 e6 3. Nc3 Bb4 4. Nf3 0-0 5. Bg5 d5 6. e3 Bxc3+ 7. bxc3 Nbd7 8. Bd3 c6 9. 0-0 b6 10. Qc2 h6 11. Bh4 Bb7 12. Ne5 c5 13. cxd5 exd5 14. Bf5 Bc8 15. Qa4 Nxe5 16. Bxc8 Nf3+ 17. Kh1 Qc7 18. Bg3 Qxc8 19. gxf3 Qf5 20. Kg2 Nh5 21. Rac1 cxd4 22. cxd4 Nxg3 23. hxg3 Rfc8 24. Rxc8+ Qxc8 25. Qb5 Qe6 26. Rc1 a6 27. Qb3 b5 28. Qb4 Qd7 29. Rc5 Kh7 30. Qb3 Rd8 31. Qd3+ g6 32. Qa3 Kg7 33. Qxa6 g5 34. Qxb5 Qf5 35. g4 Qe6 36. a4 h5 37. Qc6 Rd6 38. Qc8 hxg4 39. Qxe6 gxf3+ 40. Kxf3 Rxe6 41. Rxd5 Rf6+ 42. Ke2 g4 43. Rg5+ Kf8 44. Rxg4 Ra6 45. d5 Rxa4 1-0

[Event "Dubai The Arbor blitz op"]
[Site "Dubai"]
[Date "2019.04.12"]
[Round "2"]
[White "Sundaresh, Sundaragopal"]
[Black "Johary, Rishabh"]
[Result "0-1"]
[WhiteElo "1172"]
[BlackElo "1496"]
[PlyCount "53"]
[EventDate "2019.04.12"]
[EventType "swiss (blitz)"]
[EventRounds "9"]
[EventCountry "UAE"]
[SourceTitle "CBM 189 Extra"]
[Source "ChessBase"]
[SourceDate "2019.06.03"]
[SourceVersion "1"]
[SourceVersionDate "2019.06.03"]
[SourceQuality "1"]

1. e4 c5 2. Bc4 e6 3. Nc3 a6 4. d3 Nc6 5. Nf3 d6 6. Be3 Nf6 7. 0-0 Be7 8. d4 cxd4 9. Nxd4 0-0 10. Qd2 d5 11. exd5 exd5 12. Nxc6 bxc6 13. Bd3 Kh8 14. h3 d4 15. Bxd4 Qxd4 16. Ne2 Qd6 17. Ng3 Bb7 18. Qc3 Nd5 19. Qd4 Bf6 20. Qg4 Qf4 21. Qe2 Bd4 22. Nh5 Qe5 23. Qg4 Nf6 24. Qf3 Nxh5 25. Rfe1 Qg5 26. Be4 Nf4 27. Qd1 0-1